Asean : towards new horizon

Bibliographic Details
Main Author: Suri,Kapil
Format: Book
Published: New Delhi : Cyber Tech Publications , 2007
Subjects:

MARC

LEADER 00000cam a2200000 7i4500
001 0000019398
005 20080625.0
008 080617
020 |a 8178842823 
090 0 0 |a 338.93412473   |b SUR 
100 1 |a Suri,Kapil 
245 1 0 |a Asean :   |b towards new horizon   |c Kapil Suri 
260 |a New Delhi :   |b Cyber Tech Publications ,   |c 2007 
650 0 |a ASEAN 
650 0 |a Southest Asia   |x Economic development 
650 0 |a Southest Asia   |x Politics and government 
999 |a 0001023976   |b Book   |c Adult Collection   |e Cawangan Urban Transformation Centre 
999 |a 0001023977   |b Book   |c REFERENCE   |e Perbadanan Perpustakaan Awam Johor